| 000 | 01052nam a22002177a 4500 | ||
|---|---|---|---|
| 999 |
_c57165 _d57165 |
||
| 003 | Ge_BSU | ||
| 005 | 20191216112706.0 | ||
| 008 | 191216s2019 ||||| |||| 00| 0 geo d | ||
| 020 | _a9789941811852 | ||
| 041 | _ageo | ||
| 080 | _a821.353.1-4 ბ-25 | ||
| 100 |
_aბარბაქაძე, დათო. _95805 |
||
| 245 |
_aტრფობა წამებულთა = Passion of the Martyrs : _b[ესე] / _cდათო ბარბაქაძე ; თარგმ. მერი ფიფია ; დიზ : გვანცა მახათაძე. |
||
| 264 |
_aთბილისი : _bპოეზია, _c2019. |
||
| 300 |
_a104 გვ. ; _c 20 სმ. |
||
| 546 | _aგარეკანი და ტექსტი ქართ. და ინგლ. ენებზე. | ||
| 653 | _aქართული ესე | ||
| 700 |
_aფიფია, მერი _eმთარგმნელი _95806 |
||
| 700 |
_aმახათაძე, გვანცა _eდიზაინერი _94794 |
||
| 942 |
_2udc _cBK |
||